Neuzeitliche Bodenuntersuchung und Bodenkartierung im Dienste unserer Landwirtschaft, im Auftrag des Institutsvorstandes H. Niklas, (Record no. 10891)

MARC details
000 -LEADER
fixed length control field 00896cam a22002531 4500
001 - CONTROL NUMBER
control field agr48000428
003 - CONTROL NUMBER IDENTIFIER
control field DLC
005 - DATE AND TIME OF LATEST TRANSACTION
control field 20260227111009.0
008 - FIXED-LENGTH DATA ELEMENTS--GENERAL INFORMATION
fixed length control field 860602s1933 gw b 000 0 ger c
010 ## - LIBRARY OF CONGRESS CONTROL NUMBER
LC control number agr48000428
035 ## - SYSTEM CONTROL NUMBER
System control number (OCoLC)13675659
040 ## - CATALOGING SOURCE
Original cataloging agency U.S. Dept. of Agr.
Transcribing agency NcRS
Modifying agency DLC
042 ## - AUTHENTICATION CODE
Authentication code premarc
050 00 - LIBRARY OF CONGRESS CALL NUMBER
Classification number S593
Item number .H66 1933
082 ## - DEWEY DECIMAL CLASSIFICATION NUMBER
Classification number 631.42
100 1# - MAIN ENTRY--PERSONAL NAME
Personal name Hock, Albert.
245 00 - TITLE STATEMENT
Title Neuzeitliche Bodenuntersuchung und Bodenkartierung im Dienste unserer Landwirtschaft, im Auftrag des Institutsvorstandes H. Niklas,
Statement of responsibility, etc. von A. Hock unter Mitwirkung von R. Pürckhauer und E. Zacherl, mit einem Vorwort von H. Niklas.
250 ## - EDITION STATEMENT
Edition statement 3. erweiterter Neudruck.
260 ## - PUBLICATION, DISTRIBUTION, ETC.
Place of publication, distribution, etc. Weihenstephan,
Name of publisher, distributor, etc. Verlag der Bodenuntersuchungsstelle,
Date of publication, distribution, etc. 1933.
300 ## - PHYSICAL DESCRIPTION
Extent 68 p.
Other physical details col. maps
Dimensions 29 cm.
650 #0 - SUBJECT ADDED ENTRY--TOPICAL TERM
Topical term or geographic name entry element Soils
General subdivision Analysis.
700 1# - ADDED ENTRY--PERSONAL NAME
Personal name Pürckhauer, Rudolf.
700 1# - ADDED ENTRY--PERSONAL NAME
Personal name Zacherl, E.

No items available.

Powered by Koha